| 000 | 01378nam a2200337 i 4500 | ||
|---|---|---|---|
| 003 | DO-SdBNP | ||
| 005 | 20250218092329.0 | ||
| 007 | ta | ||
| 008 | 250213b1979 pr c|||| |||| 00| 0 spa d | ||
| 040 |
_aDO-SdBNP _bspa _cBNPHU _erda |
||
| 041 | _aspa | ||
| 082 | 4 |
_a923.27295 _bA338h _222 |
|
| 245 | 0 | 0 |
_aHablan sobre Albizu Campos / _bLuis Muñoz Marín, José Vasconcelos, Ramón S. Pagán, Laura Meneses de Albizu, Juan Mari Brás y otros ; selección y notas J. Benjamín Torres. |
| 264 | 4 |
_aSan Juan, Puerto Rico : _bEditorial Jelofe, _c©1979. |
|
| 300 |
_a128 páginas : _bretratos ; _c23 cm. |
||
| 336 |
_atexto _btxt _2rdacontent |
||
| 337 |
_asin mediación _bn _2rdamedia |
||
| 338 |
_avolumen _bnc _2rdacarrier |
||
| 500 | _aIncluye referencias bibliográficas y notas al pie de las páginas | ||
| 590 | _aInventariado, 2025/BT | ||
| 600 | 1 | 0 |
_aAlbizu Campos, Pedro, _d 1891-1965. _98023 |
| 650 | 7 |
_aPolíticos _zPuerto Rico _vBiografías _986977 _2LEMB |
|
| 700 | 1 |
_aMuñoz Marín, Luis, _eautor _4aut. _986972 |
|
| 700 | 1 |
_aVasconcelos, José, _eautor _4aut. _911189 |
|
| 700 | 1 |
_aS. Pagán, Ramón, _eautor _4aut. _986973 |
|
| 700 | 1 |
_aMeneses albizu, Laura de, _eautor _4aut. _986974 |
|
| 700 | 1 |
_aMari Bras, Juan, _942776 |
|
| 700 | 1 |
_aBenjamín Torres, J., _eselección y notas _986975 |
|
| 910 | _aBtavárez. Validado. Control de calidad MFF | ||
| 942 |
_2ddc _cLBS1 |
||
| 999 |
_c58114 _d58114 |
||